00732cam a22002413a 450000100060000000300060000600500170001200800410002904000150007004200070008505000070009210000320009924500650013126000290019650600300022551600200025565300350027565300370031065300320034765300400037983000290041985600420044830968PGUSA20140828083653.0100115s2010||||xxu|||||s|||||000 1 eng d aPGUSAbeng adc 4aPZ1 aRaymond, Evelyn,d1843-191012aA Sunny Little Lassh[electronic resource] /cEvelyn Raymond bProject Gutenberg,c2010 aPublic domain in the USA. aElectronic text aPoor girls -- Juvenile fiction aGrandfathers -- Juvenile fiction aOrphans -- Juvenile fiction aNew York (N.Y.) -- Juvenile fiction 0aProject Gutenbergv3096840uhttp://www.gutenberg.org/ebooks/30968